Every 100k+ City in Europe that Start with E - Statistics

General Stats
  • This quiz has been taken 75 times
  • The average score is 7 of 15
Answer Stats
Country City Population % Correct
Germany Essen 579,432
95%
United Kingdom Edinburgh 505,310
89%
Netherlands Eindhoven 298,795
84%
Finland Espoo 305,274
68%
Germany Erfurt 213,227
56%
Spain Elche 235,566
52%
Turkey Edirne 180,002
48%
United Kingdom Exeter 126,156
47%
Netherlands Enschede 147,850
44%
Germany Erlangen 113,292
31%
Poland Elbląg 115,220
26%
Russia Engels 225,428
24%
Russia Elektrostal 146,403
23%
Russia Elista 102,583
13%
Russia Essentuki 119,658
6%
No matching quizzes found
Score Distribution
Percent of People with Each Score
Percentile by Number Answered
Your Score History
You have not taken this quiz